000 01053nam a2200289Ia 4500
001 Z_1473
003 CHAP
008 220113s1992 xx 000 0 und d
010 _a164562
040 _cCHAP
090 _aTesis O 783
100 _aOrozco Ruiz, David
_983699
245 _aEfecto del híbrido comercial, y programa de alimentación en la manifestación del síndrome ascítico en pollos de engorda II. Tiempos de acceso al alimento /
_cpor Davis Orozco Ruiz, Luis Ramírez Romero y José Jesús Razo González
260 _aChapingo, Méx. :
_bEl autor,
_c1992
300 _a60 h.
502 _aTesis (Ing. Agr. Esp. en Zootecnia) -- UACH. Departamento de Zootecnia
650 _aAlimentos y alimentación del ganado I. Razo González, José Jesús
_9138649
650 _aAves de corral
_xAlimentación
_98638
650 _aHidropsia
_955281
700 _aRazo González, José Jesús II. Ramírez Romero, Luis
_9138650
901 _aTESIS O 783
902 _aM
910 _a1992
942 _c2
942 _c2
999 _c164562
_d164562